[Event "USA-ch Seniors"]
[Site "Saint Louis"]
[Date "2022.07.16"]
[Round "9"]
[White "Kaidanov, Gregory S"]
[Black "Khmelnitsky, Igor N"]
[Result "1/2-1/2"]
[WhiteElo "2548"]
[BlackElo "2472"]
[PlyCount "104"]
[EventDate "2022.07.07"]
[EventType "tourn"]
[EventRounds "9"]
[EventCountry "USA"]
[EventCategory "11"]
[SourceTitle "CBM 209 Extra"]
[Source "ChessBase"]
[SourceDate "2022.09.30"]
[SourceVersion "1"]
[SourceVersionDate "2022.09.30"]
[SourceQuality "1"]

1. e4 Nf6 2. e5 Nd5 3. c4 Nb6 4. d4 d6 5. f4 dxe5 6. fxe5 c5 7. d5 g6 8. Nc3 Bg7 9. Bf4 0-0 10. Qd2 e6 11. 0-0-0 exd5 12. cxd5 c4 13. Ne4 Bf5 14. Nd6 Qd7 15. Ne2 Na6 16. Nc3 Nb4 17. a3 Nd3+ 18. Bxd3 Bxd3 19. Rde1 Rae8 20. Bh6 Rxe5 21. Bxg7 Rxe1+ 22. Rxe1 Kxg7 23. Qf4 Nc8 24. Qe5+ f6 25. Ne8+ Rxe8 26. Qxe8 Qg4 27. g3 Qh3 28. Ne4 Qxh2 29. Qd7+ Kh6 30. Nd2 Nb6 31. Qd6 Qf2 32. Qe6 Bf5 33. Rh1+ Kg5 34. Ne4+ Bxe4 35. Qxe4 Qxg3 36. d6 h5 37. Rd1 Qf4+ 38. Qxf4+ Kxf4 39. d7 Nxd7 40. Rxd7 h4 41. Rxb7 h3 42. Rxa7 g5 43. Rh7 g4 44. a4 f5 45. a5 g3 46. Rh4+ Ke5 47. Rxh3 f4 48. Rh5+ Kf6 49. Rh6+ Kf5 50. Rh5+ Kf6 51. Rh6+ Kf5 52. Rh5+ Kf6 1/2-1/2

[Event "USA-ch Seniors"]
[Site "Saint Louis"]
[Date "2022.07.15"]
[Round "8"]
[White "Khmelnitsky, Igor N"]
[Black "Gurevich, Dmitry"]
[Result "0-1"]
[WhiteElo "2472"]
[BlackElo "2351"]
[PlyCount "42"]
[EventDate "2022.07.07"]
[EventType "tourn"]
[EventRounds "9"]
[EventCountry "USA"]
[EventCategory "11"]
[SourceTitle "CBM 209 Extra"]
[Source "ChessBase"]
[SourceDate "2022.09.30"]
[SourceVersion "1"]
[SourceVersionDate "2022.09.30"]
[SourceQuality "1"]

1. d4 Nf6 2. Bf4 g6 3. Nc3 d5 4. e3 Bg7 5. h4 h5 6. Nf3 0-0 7. Ne5 c5 8. Be2 Qb6 9. Na4 Qa5+ 10. c3 cxd4 11. b4 Qd8 12. cxd4 Nbd7 13. Nc3 Nxe5 14. Bxe5 Bf5 15. Qb3 e6 16. f3 a5 17. Kf2 Qe7 18. bxa5 Rxa5 19. a4 Rc8 20. Rhc1 Ne8 21. Nxd5 exd5 0-1

[Event "Herndon Washington op"]
[Site "Herndon"]
[Date "2016.02.27"]
[Round "3"]
[White "Khmelnitsky, Igor N"]
[Black "Lenderman, Aleksandr"]
[Result "1/2-1/2"]
[WhiteElo "2707"]
[BlackElo "2528"]
[PlyCount "86"]
[EventDate "2016.02.26"]
[EventType "swiss"]
[EventRounds "5"]
[EventCountry "USA"]
[SourceTitle "EXT 2018"]
[Source "ChessBase"]
[SourceDate "2017.10.13"]
[SourceVersion "1"]
[SourceVersionDate "2017.10.13"]
[SourceQuality "1"]

1. e4 e6 2. d4 d5 3. Nc3 Nf6 4. exd5 exd5 5. Bg5 Be7 6. Nf3 0-0 7. Bd3 Nc6 8. h3 Nb4 9. a3 Nxd3+ 10. Qxd3 h6 11. Bh4 Nh5 12. Bxe7 Qxe7+ 13. Qe2 Qxe2+ 14. Nxe2 Re8 15. Ne5 c5 16. g4 Nf6 17. f3 c4 18. Kd2 Nd7 19. Nxd7 Bxd7 20. Nf4 Bc6 21. Rhe1 Kf8 22. Rxe8+ Rxe8 23. Re1 Rxe1 24. Kxe1 Ke7 25. Ke2 g6 26. Ng2 Kd6 27. f4 Bd7 28. Kf3 f6 29. Ne3 b5 30. b4 g5 31. Kg3 Be6 32. Nd1 Bf7 33. c3 Bg6 34. Nf2 Bd3 35. h4 Bf1 36. hxg5 hxg5 37. Kf3 Ke6 38. Nd1 Bd3 39. Nf2 Bf1 40. Nh1 Bd3 41. Ke3 Kd6 42. Nf2 Bf1 43. Kf3 Ke6 1/2-1/2

[Event "USA-ch"]
[Site "Seattle"]
[Date "2002.01.10"]
[Round "6"]
[White "Kudrin, Sergey"]
[Black "Khmelnitsky, Igor N"]
[Result "1/2-1/2"]
[WhiteElo "2524"]
[BlackElo "2479"]
[PlyCount "51"]
[EventDate "2002.01.05"]
[EventType "swiss"]
[EventRounds "9"]
[EventCountry "USA"]
[SourceTitle "CBM 087"]
[Source "ChessBase"]
[SourceDate "2002.03.21"]
[SourceVersion "1"]
[SourceVersionDate "2002.03.21"]
[SourceQuality "1"]

1. e4 d5 2. exd5 Qxd5 3. Nc3 Qa5 4. d4 Nf6 5. Nf3 Bf5 6. Bd2 c6 7. Bc4 e6 8. Ne4 Qd8 9. Ng3 Bg4 10. c3 Bd6 11. h3 Bxf3 12. Qxf3 Qc7 13. 0-0-0 Nbd7 14. Rhe1 0-0-0 15. Ne4 Nxe4 16. Rxe4 Nf6 17. Ree1 h5 18. h4 Nd5 19. Kb1 Rd7 20. Bb3 Nf6 21. c4 c5 22. Bg5 cxd4 23. c5 Be7 24. Rc1 Qc6 25. Qd1 Rdd8 26. f3 1/2-1/2

[Event "USA-ch"]
[Site "Seattle"]
[Date "2002.01.08"]
[Round "4"]
[White "Yermolinsky, Alex"]
[Black "Khmelnitsky, Igor N"]
[Result "1-0"]
[WhiteElo "2574"]
[BlackElo "2479"]
[PlyCount "71"]
[EventDate "2002.01.05"]
[EventType "swiss"]
[EventRounds "9"]
[EventCountry "USA"]
[SourceTitle "CBM 087"]
[Source "ChessBase"]
[SourceDate "2002.03.21"]
[SourceVersion "1"]
[SourceVersionDate "2002.03.21"]
[SourceQuality "1"]

1. d4 Nf6 2. c4 e5 3. dxe5 Ne4 4. Nf3 Bb4+ 5. Nbd2 Nc6 6. a3 Bxd2+ 7. Nxd2 Nxd2 8. Bxd2 Qh4 9. Bc3 Qxc4 10. e3 Qe6 11. Qh5 b6 12. Qh4 Bb7 13. Bc4 Qe7 14. Qxe7+ Nxe7 15. 0-0-0 c5 16. f3 Bc6 17. e4 b5 18. Bd5 Bxd5 19. exd5 a5 20. Be1 Ng6 21. Bg3 h5 22. h4 Ra6 23. Rhe1 0-0 24. d6 Rc8 25. f4 Nf8 26. f5 Rac6 27. Bf4 Re8 28. g4 g6 29. Rg1 Kh7 30. gxh5 gxf5 31. Rg5 Ne6 32. Rxf5 Nxf4 33. Rxf4 Rxe5 34. Rxf7+ Kh6 35. Rxd7 Re8 36. Rc7 1-0

[Event "USA-ch"]
[Site "Parsippany"]
[Date "1996.??.??"]
[Round "4"]
[White "Ivanov, Alexander"]
[Black "Khmelnitsky, Igor N"]
[Result "1-0"]
[WhiteElo "2560"]
[BlackElo "2485"]
[PlyCount "37"]
[EventDate "1996.07.13"]
[EventType "tourn"]
[EventRounds "13"]
[EventCountry "USA"]
[EventCategory "12"]
[SourceTitle "CBM 055"]
[Source "ChessBase"]
[SourceDate "1996.12.01"]
[SourceVersion "1"]
[SourceVersionDate "1996.12.01"]
[SourceQuality "1"]

1. e4 c5 2. Nf3 e6 3. b3 Nc6 4. Bb2 d5 5. Bb5 dxe4 6. Ne5 Qg5 7. 0-0 Bd7 8. Nxd7 Kxd7 9. d3 exd3 10. Qxd3+ Kc7 11. Bxc6 Kxc6 12. Rd1 Qd5 13. Qe2 Qf5 14. Na3 a6 15. g4 Qf4 16. Be5 Qb4 17. Nc4 Nf6 18. c3 Qb5 19. a4 1-0

[Event "USA-ch"]
[Site "Parsippany"]
[Date "1996.??.??"]
[Round "7"]
[White "Khmelnitsky, Igor N"]
[Black "Benjamin, Joel"]
[Result "1/2-1/2"]
[WhiteElo "2485"]
[BlackElo "2565"]
[PlyCount "78"]
[EventDate "1996.07.13"]
[EventType "tourn"]
[EventRounds "13"]
[EventCountry "USA"]
[EventCategory "12"]
[SourceTitle "CBM 055"]
[Source "ChessBase"]
[SourceDate "1996.12.01"]
[SourceVersion "1"]
[SourceVersionDate "1996.12.01"]
[SourceQuality "1"]

1. e4 c5 2. Nf3 e6 3. c3 Nf6 4. e5 Nd5 5. d4 cxd4 6. cxd4 d6 7. a3 Bd7 8. Bd3 Bc6 9. 0-0 Nd7 10. Re1 dxe5 11. dxe5 g6 12. b4 Ne7 13. Nbd2 Bg7 14. Nc4 0-0 15. Bb2 Bd5 16. Rc1 Rc8 17. a4 Nc6 18. b5 Bxf3 19. Qxf3 Ncxe5 20. Nxe5 Nxe5 21. Bxe5 Rxc1 22. Rxc1 Bxe5 23. Be4 b6 24. Rd1 Qc7 25. g3 Qc4 26. Rd7 Qxa4 27. Bc6 Bd4 28. Kg2 Qa1 29. h4 Bg7 30. Qe3 h5 31. Qf3 Bf6 32. Qd3 Qc3 33. Qxc3 Bxc3 34. Rxa7 Rd8 35. Ra8 Rxa8 36. Bxa8 Kg7 37. f4 Kf6 38. Kf3 Be1 39. Bc6 Ke7 1/2-1/2

[Event "USA-ch"]
[Site "Parsippany"]
[Date "1996.??.??"]
[Round "5"]
[White "Khmelnitsky, Igor N"]
[Black "Gurevich, Dmitry"]
[Result "1/2-1/2"]
[WhiteElo "2485"]
[BlackElo "2570"]
[PlyCount "98"]
[EventDate "1996.07.13"]
[EventType "tourn"]
[EventRounds "13"]
[EventCountry "USA"]
[EventCategory "12"]
[SourceTitle "CBM 055"]
[Source "ChessBase"]
[SourceDate "1996.12.01"]
[SourceVersion "1"]
[SourceVersionDate "1996.12.01"]
[SourceQuality "1"]

1. e4 c5 2. Nf3 Nc6 3. Bb5 g6 4. 0-0 Bg7 5. Bxc6 dxc6 6. h3 Nf6 7. Nc3 0-0 8. d3 b6 9. Be3 e5 10. Qd2 Qd6 11. Bh6 Be6 12. b3 Nh5 13. Ne2 f6 14. Bxg7 Kxg7 15. Qc3 g5 16. g4 Nf4 17. Nxf4 gxf4 18. Kh2 Kf7 19. Rg1 Rg8 20. Rg2 Rg7 21. a3 a5 22. a4 h6 23. Rag1 Rag8 24. Nh4 Qd4 25. Qe1 Ke7 26. Nf5+ Bxf5 27. gxf5 Rg5 28. h4 Rxg2+ 29. Rxg2 Rxg2+ 30. Kxg2 Qd8 31. Qe2 Qg8+ 32. Kf1 Qf7 33. Qg4 h5 34. Qe2 Kd6 35. Ke1 Kc7 36. Kd2 Kd6 37. Qf3 b5 38. Qg2 Ke7 39. Qg1 Kd6 40. f3 bxa4 41. bxa4 Qf8 42. Qb1 Kc7 43. Qg1 Kb6 44. Qb1+ Kc7 45. Qb3 Qg7 46. Qe6 Qg1 47. Qe7+ Kb6 48. Qd8+ Kb7 49. Qd7+ Kb6 1/2-1/2

[Event "USA-ch"]
[Site "Parsippany"]
[Date "1996.??.??"]
[Round "11"]
[White "Khmelnitsky, Igor N"]
[Black "Ivanov, Igor Vasilievich"]
[Result "1/2-1/2"]
[WhiteElo "2485"]
[BlackElo "2475"]
[PlyCount "121"]
[EventDate "1996.07.13"]
[EventType "tourn"]
[EventRounds "13"]
[EventCountry "USA"]
[EventCategory "12"]
[SourceTitle "CBM 055"]
[Source "ChessBase"]
[SourceDate "1996.12.01"]
[SourceVersion "1"]
[SourceVersionDate "1996.12.01"]
[SourceQuality "1"]

1. e4 c5 2. Nf3 e6 3. c3 d5 4. exd5 exd5 5. d4 Nf6 6. Bg5 c4 7. b3 cxb3 8. axb3 Nc6 9. Bb5 Be7 10. Ne5 Bd7 11. Nxd7 Qxd7 12. 0-0 0-0 13. Re1 Rfe8 14. Nd2 a6 15. Bd3 g6 16. Qf3 Ne4 17. Rxe4 Bxg5 18. Rxe8+ Rxe8 19. Nf1 h5 20. b4 Kg7 21. Bc2 Re6 22. Qg3 Qe7 23. Bb3 Bh4 24. Qd3 Qd8 25. g3 Bf6 26. b5 axb5 27. Qxb5 Ne7 28. Ne3 Rb6 29. Qa5 Qd6 30. Qa2 Rc6 31. Qd2 Qc7 32. Rc1 Qa5 33. h4 Rb6 34. Qa2 Qxa2 35. Bxa2 Rb2 36. Rc2 Rb5 37. Kf1 g5 38. hxg5 Bxg5 39. f4 Bh6 40. Rf2 Ra5 41. Kg2 h4 42. gxh4 Ra3 43. Rc2 Bxf4 44. Kf3 Bxe3 45. Kxe3 b5 46. Kd2 f5 47. Bb1 f4 48. Rb2 f3 49. Bd3 f2 50. Rb1 Ng6 51. Rf1 b4 52. cxb4 Nf4 53. Bc2 Ne6 54. Rxf2 Nxd4 55. Rf4 Nc6 56. Kc1 Ra1+ 57. Kb2 Ra8 58. Rg4+ Kh8 59. Bd3 Ne5 60. Rd4 Rb8 61. b5 1/2-1/2

[Event "USA-ch"]
[Site "Parsippany"]
[Date "1996.??.??"]
[Round "8"]
[White "Shabalov, Alexander"]
[Black "Khmelnitsky, Igor N"]
[Result "0-1"]
[WhiteElo "2565"]
[BlackElo "2485"]
[PlyCount "74"]
[EventDate "1996.07.13"]
[EventType "tourn"]
[EventRounds "13"]
[EventCountry "USA"]
[EventCategory "12"]
[SourceTitle "CBM 055"]
[Source "ChessBase"]
[SourceDate "1996.12.01"]
[SourceVersion "1"]
[SourceVersionDate "1996.12.01"]
[SourceQuality "1"]

1. e4 c5 2. Nf3 e6 3. d4 cxd4 4. Nxd4 Nf6 5. Nc3 Nc6 6. a3 d5 7. Bb5 Bd7 8. exd5 Nxd5 9. Nxd5 exd5 10. 0-0 Be7 11. Nb3 a6 12. Bxc6 bxc6 13. Be3 0-0 14. Bc5 Re8 15. Bxe7 Qxe7 16. Qd4 Qg5 17. Qc3 Re4 18. Nd2 Bh3 19. g3 Re2 20. Nf3 Qg6 21. Rfe1 Rxc2 22. Qb3 Qf6 23. Qe3 h6 24. Ne5 d4 25. Qxd4 Rd8 26. Qf4 Rdd2 27. Qxf6 gxf6 28. Nf3 Rxf2 29. Nh4 Rxb2 30. Rac1 Bg2 31. Rb1 Bd5 32. Rxb2 Rxb2 33. Re8+ Kh7 34. Ra8 Rb6 35. a4 c5 36. Rd8 Be6 37. Kg2 Rb4 0-1

[Event "USA-ch"]
[Site "Parsippany"]
[Date "1996.??.??"]
[Round "1"]
[White "Shaked, Tal"]
[Black "Khmelnitsky, Igor N"]
[Result "1-0"]
[WhiteElo "2440"]
[BlackElo "2485"]
[PlyCount "73"]
[EventDate "1996.07.13"]
[EventType "tourn"]
[EventRounds "13"]
[EventCountry "USA"]
[EventCategory "12"]
[SourceTitle "CBM 055"]
[Source "ChessBase"]
[SourceDate "1996.12.01"]
[SourceVersion "1"]
[SourceVersionDate "1996.12.01"]
[SourceQuality "1"]

1. e4 d6 2. d4 e5 3. Nf3 exd4 4. Nxd4 Nf6 5. Nc3 Be7 6. Be2 Nc6 7. 0-0 0-0 8. f4 d5 9. Nxc6 bxc6 10. e5 Bc5+ 11. Kh1 Nd7 12. Na4 Qe7 13. b3 Bb6 14. c4 Bb7 15. Qc2 Bd4 16. Bb2 Bxb2 17. Nxb2 d4 18. Bd3 g6 19. Rae1 Rae8 20. Qd2 f5 21. Qa5 Nc5 22. b4 Ne6 23. c5 g5 24. Bc4 Bc8 25. Qxa7 Kh8 26. Nd3 gxf4 27. Qa4 Ng5 28. Qxc6 Ne4 29. Rxf4 Nd2 30. Bd5 Qg5 31. g3 Ne4 32. Bxe4 fxe4 33. Qxe4 Bf5 34. Qf3 Kg7 35. Rf1 Bxd3 36. Rxf8 Bxf1 37. Rxe8 1-0

[Event "USA-ch"]
[Site "Modesto"]
[Date "1995.??.??"]
[Round "7"]
[White "Gurevich, Dmitry"]
[Black "Khmelnitsky, Igor N"]
[Result "0-1"]
[WhiteElo "2525"]
[BlackElo "2490"]
[PlyCount "120"]
[EventDate "1995.11.??"]
[EventType "tourn"]
[EventRounds "13"]
[EventCountry "USA"]
[EventCategory "12"]
[SourceTitle "CBM 051"]
[Source "ChessBase"]
[SourceDate "1996.04.01"]
[SourceVersion "1"]
[SourceVersionDate "1996.04.01"]
[SourceQuality "1"]

1. d4 d5 2. c4 Nc6 3. Nf3 Bg4 4. cxd5 Bxf3 5. dxc6 Bxc6 6. Nc3 e6 7. e4 Bb4 8. f3 f5 9. exf5 exf5 10. Be2 Qh4+ 11. g3 Qe7 12. Qd3 Nf6 13. a3 Ba5 14. Qxf5 Bxc3+ 15. bxc3 0-0 16. Qd3 Rae8 17. Ra2 Ng4 18. 0-0 Ne3 19. Rf2 Bd5 20. Ra1 Nc4 21. a4 a5 22. Qd1 Qd7 23. Bf4 Qc6 24. Rb1 Rxe2 25. Rxe2 Bxf3 26. Rb5 b6 27. Qe1 Bxe2 28. Qxe2 Re8 29. Qf1 Nd6 30. Bxd6 Qxd6 31. Rf5 Qc6 32. Qf3 Re1+ 33. Kf2 Qxf3+ 34. Rxf3 Ra1 35. Ke3 Rxa4 36. Rf5 Ra2 37. Rd5 Rxh2 38. Rd8+ Kf7 39. Rd7+ Kf6 40. Rxc7 Rb2 41. Ke4 h5 42. Rc6+ Kg5 43. d5 a4 44. Rc7 g6 45. Ra7 Rg2 46. d6 Kf6 47. Kd5 Rxg3 48. Rxa4 g5 49. Rc4 b5 50. Rc5 Rd3+ 51. Ke4 Rxd6 52. Rf5+ Kg6 53. Rxb5 Re6+ 54. Kd5 Re1 55. Rb8 h4 56. Rh8 Kf5 57. c4 Rd1+ 58. Kc6 Kf4 59. c5 Kg3 60. Ra8 h3 0-1

[Event "USA-ch"]
[Site "Modesto"]
[Date "1995.??.??"]
[Round "6"]
[White "Khmelnitsky, Igor N"]
[Black "Wolff, Patrick G"]
[Result "0-1"]
[WhiteElo "2490"]
[BlackElo "2565"]
[PlyCount "142"]
[EventDate "1995.11.??"]
[EventType "tourn"]
[EventRounds "13"]
[EventCountry "USA"]
[EventCategory "12"]
[SourceTitle "CBM 051"]
[Source "ChessBase"]
[SourceDate "1996.04.01"]
[SourceVersion "1"]
[SourceVersionDate "1996.04.01"]
[SourceQuality "1"]

1. Nf3 d5 2. d4 e6 3. Bg5 Be7 4. Bxe7 Qxe7 5. c3 Nf6 6. e3 Nbd7 7. Nbd2 e5 8. dxe5 Nxe5 9. Nxe5 Qxe5 10. Nf3 Qe7 11. Qb3 0-0 12. c4 dxc4 13. Bxc4 Ne4 14. 0-0 Bg4 15. Qc2 Rad8 16. Rfd1 h6 17. Rxd8 Rxd8 18. Rd1 Bxf3 19. Rxd8+ Qxd8 20. gxf3 Qg5+ 21. Kf1 Nd6 22. Bd3 c5 23. b4 b6 24. bxc5 Qxc5 25. Qxc5 bxc5 26. Ke2 g5 27. Bc2 Kg7 28. Kd2 Kf6 29. Kc3 Ke5 30. Bb3 f6 31. h3 f5 32. Ba4 Nc8 33. Bc6 Nb6 34. a3 Ke6 35. Kd3 Ke7 36. Bb5 Kd6 37. Be8 Kd5 38. Bf7+ Ke5 39. Be8 Nc8 40. Bd7 Nb6 41. Bc6 Kd6 42. Bb7 a5 43. Kc3 h5 44. Ba6 h4 45. Bd3 Ke5 46. Be2 Kf6 47. Kd3 Ke6 48. e4 Ke5 49. exf5 Kxf5 50. Kc3 Ke5 51. Ba6 Kd6 52. Bb7 Kc7 53. Be4 Nc8 54. Bc2 Nd6 55. Ba4 Kb6 56. Bd1 Nb5+ 57. Kb3 Kc6 58. f4 gxf4 59. Bh5 Nd6 60. Bf3+ Kb5 61. a4+ Kb6 62. Bd5 c4+ 63. Bxc4 Kc5 64. Be6 Kd4 65. Kc2 Ne4 66. Kd1 f3 67. Ke1 Nc5 68. Bc8 Ke4 69. Kd2 Nxa4 70. Kc2 Nc5 71. Kc3 Kf4 0-1

[Event "US Open-94"]
[Site "Philadelphia"]
[Date "1993.??.??"]
[Round "?"]
[White "Kaidanov, Gregory S"]
[Black "Khmelnitsky, Igor N"]
[Result "1-0"]
[WhiteElo "2620"]
[BlackElo "2470"]
[PlyCount "69"]
[EventDate "1993.08.07"]
[EventType "swiss"]
[EventRounds "9"]
[EventCountry "USA"]
[SourceTitle "EXT 1999"]
[Source "ChessBase"]
[SourceDate "1998.11.16"]
[SourceVersion "1"]
[SourceVersionDate "1998.11.16"]
[SourceQuality "1"]

1. Nf3 d5 2. c4 d4 3. g3 Nc6 4. Bg2 e5 5. 0-0 Nf6 6. d3 Be7 7. b4 Nxb4 8. Nxe5 0-0 9. Bb2 Ng4 10. Nxg4 Bxg4 11. Bxb7 Rb8 12. Be4 Nxd3 13. Bxh7+ Kh8 14. Bxd3 Rxb2 15. Nd2 Bb4 16. Nf3 Bc3 17. Rb1 Rxa2 18. Qb3 Ra5 19. Qb7 g6 20. Rb5 Bxf3 21. Qxf3 c5 22. Rb7 Kg7 23. Qc6 Qf6 24. Qc7 Qe6 25. Rxa7 Rh8 26. Rxa5 Bxa5 27. Qb7 Bd8 28. Ra1 Rh5 29. Ra8 Bf6 30. Qb8 Be7 31. Qg8+ Kf6 32. Rc8 g5 33. h4 gxh4 34. g4 Re5 35. f4 1-0

[Event "Philadelphia opI"]
[Site "Philadelphia"]
[Date "1992.??.??"]
[Round "4"]
[White "Khmelnitsky, Igor N"]
[Black "Olesen, Martin"]
[Result "0-1"]
[WhiteElo "2475"]
[BlackElo "2380"]
[PlyCount "92"]
[EventDate "1992.??.??"]
[EventType "swiss"]
[EventRounds "9"]
[EventCountry "USA"]
[SourceTitle "TD"]
[Source "ChessBase"]
[SourceDate "1994.03.01"]
[SourceVersion "1"]
[SourceVersionDate "1994.03.01"]
[SourceQuality "1"]

1. e4 c5 2. c3 d6 3. d4 Nf6 4. f3 cxd4 5. cxd4 g6 6. Nc3 Bg7 7. Be3 0-0 8. Bd3 Nc6 9. Nge2 Nd7 10. Qd2 e5 11. d5 Nd4 12. Nb5 Nxb5 13. Bxb5 f5 14. 0-0-0 fxe4 15. Bxd7 Bxd7 16. fxe4 a5 17. h3 Qh4 18. Nc3 b5 19. Qe1 Qe7 20. Kb1 b4 21. Ne2 Bb5 22. h4 Rac8 23. Ng1 Qc7 24. Nf3 Qc2+ 25. Ka1 Qxe4 26. Ng5 Qxg2 27. Ne6 Rf3 28. Bg5 Rf2 29. Rg1 Qh2 30. Rh1 Qg2 31. Rg1 Qf3 32. Nd4 Qxd1+ 33. Qxd1 exd4 34. Qg4 Rcf8 35. Rb1 d3 36. Qe6+ Kh8 37. Be7 Re8 38. Qxd6 d2 39. Qc5 Re2 40. a4 b3 41. Qa3 Re1 42. Qxb3 Rxb1+ 43. Kxb1 Be2 44. d6 d1Q+ 45. Qxd1 Bxd1 46. d7 Bxa4 0-1

[Event "Philadelphia opI"]
[Site "Philadelphia"]
[Date "1992.??.??"]
[Round "2"]
[White "Khmelnitsky, Igor N"]
[Black "Rohde, Michael A"]
[Result "0-1"]
[WhiteElo "2475"]
[BlackElo "2585"]
[PlyCount "60"]
[EventDate "1992.??.??"]
[EventType "swiss"]
[EventRounds "9"]
[EventCountry "USA"]
[SourceTitle "TD"]
[Source "ChessBase"]
[SourceDate "1994.03.01"]
[SourceVersion "1"]
[SourceVersionDate "1994.03.01"]
[SourceQuality "1"]

1. e4 c5 2. c3 d5 3. exd5 Qxd5 4. d4 Nf6 5. Nf3 e6 6. Na3 Qd8 7. Bf4 Nc6 8. dxc5 Nd5 9. Bd6 Bxd6 10. cxd6 Qxd6 11. Nb5 Qe7 12. c4 a6 13. Nbd4 Ndb4 14. a3 e5 15. Nxc6 Nxc6 16. Be2 0-0 17. 0-0 Rd8 18. Qe1 e4 19. Nd2 Bf5 20. Bd1 Qe5 21. Ra2 Rd6 22. Nb1 e3 23. Nc3 Bd3 24. Be2 exf2+ 25. Rxf2 Nd4 26. b4 Bxc4 27. Rd2 Rad8 28. Qd1 Nxe2+ 29. Rfxe2 Bxe2 30. Rxd6 Rxd6 0-1